000 01042nam a22002537a 4500
005 20170124102954.0
010 _aA-400253
020 _c25.00
035 _aA-400253
037 _bCen Lib/Ret
040 _aDPL
_bHN
082 _a821.08
_bवर्माकृ
100 _aवर्मा, कृष्णचंद्र
_99690
245 _aमहाकवि देव /
_cकृष्णचंद्र वर्मा
246 _a‏Mahakavi Dev /
_bby Krishanchndra Varma
260 _aनई दिल्ली
_bनेशनल पब्लिशिंग हाउस
_c1978
270 _bनई दिल्ली
_a23, दरियागंज
_e110002
300 _a117पृ.
_c20सेमी(सजिल्द)
650 _aहिंदी साहित्य
_952506
650 _aहिंदी साहित्य -- कविता
_952507
650 _aHindi literature
_952508
650 _aHindi literature -- Poetry
_952509
942 _2ddc
_cHN
_h821.08
_mवर्माकृ
999 _c113486
_d113486